000 00607nam a2200253Ia 4500
003 OSt
005 20221005132824.0
006 a|||||r|||| 00| 0
007 ta
008 221004b |||||||| |||| 00| 0 tam d
024 _a47091
037 _cTextual
040 _aCRL
_cCRL
_btam
041 _2tam
_atam
082 _aDelta23, 31K0
100 _aAlan
_98348
245 0 _aValimaikkrmargam
260 _c1960
300 _a111p.
_ccm.
650 _a TAMIL LANGUAGE
650 _aSPECTRUM ANALYSIS
942 _hDelta23, 31K0
_cTEXL
_2cc
999 _c1064929
_d1064929